| 000 | 01014nam a2200217Ia 4500 | ||
|---|---|---|---|
| 003 | Ost | ||
| 005 | 20260507075335.0 | ||
| 008 | 260507s9999||||xx |||||||||||||| ||und|| | ||
| 020 | _a9789957123512 | ||
| 040 | _cfsecg | ||
| 041 | _aara | ||
| 082 | _a330 | ||
| 100 |
_aآل شبيب، دريد كامل _eمؤلف |
||
| 245 | 0 |
_aالمالية الدولية / _c دريد كامل آل شبيب |
|
| 260 |
_aعمان: _bدار اليازوري, _c2011 |
||
| 300 |
_a183 صفحة؛ _bإيضاحات ؛ _c25 سم |
||
| 520 | _aمدخل الى المالية الدولية و سوق التحويل الخارجي و النظريات الماضية و الحاضرة للنقود الماليةو معدلات أسعار الصرف و ميزان المدفوعات ، المشتقات المالية و المؤسسات المالية الدولية و الازمات المالية العربية و الدولية | ||
| 653 | _aالإقتصاد الدولي | ||
| 653 | _aالمالية | ||
| 942 | _cكتاب | ||
| 999 |
_c44044 _d44044 |
||